00381cam a2200157ua 45000010005000000080039000050400009000440820013000531000018000662450035000842500009001192600042001283000016001706530018001866530019002043949111209n ii |||gr||||Z||||||asm cMAIN a891.45111 aGogoi, Manik,11aNishi parabhatcby Manik Gogoi a1st. aNaharkatiya:bAsom sahitya sabha,997. a74p:c23cm. aAssamese poem aNishi parabhat